Central Library OPAC University of Rajshahi

Electronics : (Record no. 68327)

MARC details
000 -LEADER
fixed length control field 00661nam a2200217 a 4500
001 - CONTROL NUMBER
control field 68327
003 - CONTROL NUMBER IDENTIFIER
rucl marc code BD-RjUL
005 - DATE AND TIME OF LATEST TRANSACTION
control field 20211209081745.0
008 - FIXED-LENGTH DATA ELEMENTS--GENERAL INFORMATION
fixed length control field 750923s1954 nyua 001 0 eng
035 ## - SYSTEM CONTROL NUMBER
System control number (BD-RjUL)68537
040 ## - CATALOGING SOURCE
Original cataloging agency DLC
Transcribing agency TxDN
Modifying agency TxDN
-- OCoLC
-- Uk
-- DLC
-- BD-RjUL
Language of cataloging eng
041 ## - LANGUAGE CODE
Language code of text/sound track or separate title eng
082 ## - DEWEY DECIMAL CLASSIFICATION NUMBER
Edition number 23
Classification number 621.38
Author mark and year BRE 1954
100 1# - MAIN ENTRY--PERSONAL NAME
Personal name Brown, Thomas Benjamin,
Dates associated with a name 1892-
9 (RLIN) 155053
245 10 - TITLE STATEMENT
Title Electronics :
Remainder of title a textbook for students in science and engineering /
Statement of responsibility, etc. Thomas Benjamin Brown
260 ## - PUBLICATION, DISTRIBUTION, ETC. (IMPRINT)
Place of publication, distribution, etc. New York :
Name of publisher, distributor, etc. Wiley,
Date of publication, distribution, etc. 1954
300 ## - PHYSICAL DESCRIPTION
Pagination 545 p. :
Illustrations ill. ;
Size 24 cm.
500 ## - GENERAL NOTE
General note Includes index
650 #0 - SUBJECT ADDED ENTRY--TOPICAL TERM
Topical term or geographic name as entry element Electronics.
9 (RLIN) 202562
942 ## - ADDED ENTRY ELEMENTS (KOHA)
Source of classification or shelving scheme Dewey Decimal Classification
Koha item type Books
Holdings
Lost status Source of classification or shelving scheme Damaged status Not for loan Collection code Permanent Location Current Location Shelving location Date acquired Source of acquisition Cost, normal purchase price Total Checkouts Full call number Date last seen Copy number Koha item type
  Dewey Decimal Classification   Not For Loan Non-fiction Central Library, University of Rajshahi Central Library, University of Rajshahi Reading Room 07/01/1959 John Willy and Sons 0.00   621.38 BRE 1954 02/04/2017 C-1 Books